000 01002nam a22002777a 4500
001 6631
003 FISKH
005 20250516120810.0
008 250516b cb ||||| |||| 00| 0 eng d
020 _a9781842368206
040 _aFISKH
_beng
_cFISKH
_dFISKH
050 _aQL737.C27 P357
082 _a599.78
100 _aParker, Steve
245 _aI love bears :
_bFirst facts and picture /
_cBy Steve Parker ; Illustrated by Andrea Morandi
250 _aThis edition printed in 2011.
260 _aTaxted :
_bMiles Kelly,
_c2007
300 _a24 pages :
_bcolor illustrations ;
_c24 cm
505 _aN
520 _aThis highly visual series provides younger children with first facts and pictures about their favourite subjects. Each spread presents a new topic and is accompanied by simple text and realistic, detailed illustrations.
521 8 _a530
_bLexile estimate
521 8 _aN
_bRaz-Plus
650 _aAnimals
_vHibernation
942 _2ddc
_cBK
_n0
999 _c6631
_d6631